书目信息 |
| 题名: |
中国生物资源
|
|
| 作者: | 陆建身 编著 | |
| 分册: | ||
| 出版信息: | 上海 上海科技教育出版社 1997 |
|
| 页数: | 531页 | |
| 开本: | 19cm | |
| 丛书名: | 中国自然文化遗产丛书 | |
| 单 册: | ||
| 中图分类: | Q-9 | |
| 科图分类: | ||
| 主题词: | 生物资源--中国 , 生物资源--调查 , 生物资源 | |
| 电子资源: | ||
| ISBN: | 7-5428-1562-8 | |
| 000 | 00779nam0 2200277 45 | |
| 001 | 0198028785 | |
| 005 | 20031219104108.9 | |
| 010 | @a7-5428-1562-8@b精装@dCNY30.00 | |
| 100 | @a19980522d1997 em y0chiy0120 ea | |
| 101 | 0 | @achi@deng |
| 102 | @aCN@b310000 | |
| 105 | @ay iz 000yy | |
| 106 | @ar | |
| 200 | 10 | @a中国生物资源@Azhong guo sheng wu zi yuan@f陆建身编著 |
| 210 | @a上海@c上海科技教育出版社@d1997 | |
| 215 | @a531页@d19cm | |
| 225 | 2 | @a中国自然文化遗产丛书 |
| 410 | 0 | @120010@a中国自然文化遗产丛书 |
| 510 | 1 | @aChinese biological resources@zeng |
| 606 | @a生物资源@y中国 | |
| 606 | 0 | @a生物资源@x调查 |
| 606 | 0 | @a生物资源 |
| 690 | @aQ-9@v4 | |
| 701 | 0 | @a陆建身@Alu jian shen@4编著 |
| 801 | @aCN@bTSTC@c20030408 | |
| 905 | @b322392-394@dQ-9@e39@f3 | |
| 中国生物资源/陆建身编著.-上海:上海科技教育出版社,1997 |
| 531页;19cm.-(中国自然文化遗产丛书) |
| ISBN 7-5428-1562-8(精装):CNY30.00 |
| ● |
| 相关链接 |
|
|
|
|
正题名:中国生物资源
索取号:Q-9/39
 
预约/预借
| 序号 | 登录号 | 条形码 | 馆藏地/架位号 | 状态 | 备注 |
| 1 | 0280136 | 002801365 | 密集书库/ [索取号:Q-9/39] | 在馆 | |
| 2 | 0322392 | 203223920 | 第三借阅区/ [索取号:Q-9/39] | 在馆 | |
| 3 | 0322393 | 203223939 | 第三借阅区/ [索取号:Q-9/39] | 在馆 | |
| 4 | 0322394 | 203223948 | 第二样本阅览室/ [索取号:Q-9/39] | 在馆 |